La condición resolutoria, medio de garantía en las ventas inmobiliarias a plazos / (Record no. 172468)

MARC details
000 -LEADER
campo de control de longitud fija 00884nam a2200229 i 4500
001 - NÚMERO DE CONTROL
campo de control 172468
003 - IDENTIFICADOR DE NÚMERO DE CONTROL
campo de control ES-MaACL
005 - FECHA Y HORA DE LA ÚLTIMA TRANSACCIÓN
campo de control 20230906214926.0
008 - DATOS DE LONGITUD FIJA--INFORMACIÓN GENERAL
campo de control de longitud fija 090708s1986 sp |||| | spa d
017 ## - NÚMERO DE COPYRIGHT O DE DEPÓSITO LEGAL
Número de copyright o de depósito legal M 16936-1986
020 ## - NÚMERO INTERNACIONAL ESTÁNDAR DEL LIBRO
Número Internacional Estándar del Libro 84-86133-13-0
080 ## - NÚMERO DE LA CLASIFICACIÓN DECIMAL UNIVERSAL
Número de la Clasificación Decimal Universal 347.451.84.048(460):347.214.2
100 1# - ENTRADA PRINCIPAL--NOMBRE DE PERSONA
Nombre de persona Rodríguez García, Carlos-Javier.
9 (RLIN) 98536
245 10 - MENCIÓN DEL TÍTULO
Título La condición resolutoria, medio de garantía en las ventas inmobiliarias a plazos /
Mención de responsabilidad, etc. Carlos-Javier Rodríguez García ; prólogo de José Beltrán de Heredia y Castaño.
260 ## - PUBLICACIÓN, DISTRIBUCIÓN, ETC.
Lugar de publicación, distribución, etc. Madrid :
Nombre del editor, distribuidor, etc. Dykinson,
Fecha de publicación, distribución, etc. 1986.
300 ## - DESCRIPCIÓN FÍSICA
Extensión 358 p. ;
Dimensiones 23 cm.
504 ## - NOTA DE BIBLIOGRAFÍA, ETC.
Nota de bibliografía, etc. Bibliografía : p. 353-358.
650 #4 - PUNTO DE ACCESO ADICIONAL DE MATERIA--TÉRMINO DE MATERIA
Término de materia o nombre geográfico como elemento de entrada Propiedad inmobiliaria-
Subdivisión general Compraventa-
Subdivisión geográfica España.
9 (RLIN) 16485
650 #4 - PUNTO DE ACCESO ADICIONAL DE MATERIA--TÉRMINO DE MATERIA
Término de materia o nombre geográfico como elemento de entrada Resolución (Derecho)-
Subdivisión geográfica España.
9 (RLIN) 141006
700 0# - ENTRADA AGREGADA--NOMBRE PERSONAL
Nombre de persona Beltrán de Heredia y Castaño, J.
9 (RLIN) 27361
852 ## - LOCALIZACIÓN
Ubicación ES-MaACL
Número de control de estantería E-12779
itemnumber R.143564
Holdings
Estatus retirado Estado de pérdida Estado de daño No para préstamo Biblioteca de origen Biblioteca actual Ubicación en estantería Fecha de adquisición Fuente de adquisición Total de préstamos Signatura topográfica completa Código de barras Visto por última vez Precio de reemplazo Tipo de ítem Koha
        Biblioteca del Ateneo de Madrid Biblioteca del Ateneo de Madrid Depósito 2 08/07/2009     E-12779 1180994 23/02/2023 23/02/2023 Libro impreso